Germany's new procurement law: a five year assessment (Record no. 74499)

MARC details
000 -LEADER
fixed length control field 01479cam a2200241 4500
001 - CONTROL NUMBER
control field X127047
008 - FIXED-LENGTH DATA ELEMENTS--GENERAL INFORMATION
fixed length control field 040810n2004 000 0 eng u
035 ## - SYSTEM CONTROL NUMBER
System control number (Sirsi) u127047
100 ## - MAIN ENTRY--PERSONAL NAME
Personal name Reichling, I.
245 ## - TITLE STATEMENT
Title Germany's new procurement law: a five year assessment
260 ## - PUBLICATION, DISTRIBUTION, ETC.
Date of publication, distribution, etc. 2004
490 ## - SERIES STATEMENT
Series statement International Construction Law Review
Volume/sequential designation 21(3) July 2004, 291-318(28)
520 ## - SUMMARY, ETC.
Summary, etc. The Vergaberechtsänderungsgesetz (German Act to revise the legal basis for the award of public procurement contracts) which came into force on 1 January 1999, applies to all European-procurement starting from threshold contracts amounts of Ł5m for construction contracts and Ł200 000 for contracts for supply of goods or services. Examines the market context since 1999 for European public procurement, reviews post-1999 legal developments pertaining to the German procurement system, evaluates how the Act has been accepted in practice, assesses how the Vermittlungsausschuss des Europäischen Parlaments (European Parliament's legislative package) and the Masterplan Burökratieabbau (Masterplan for the reduction of bureaucracy) will affect the future development of German procurement law. (Taken from journal abstract).
650 ## - SUBJECT ADDED ENTRY--TOPICAL TERM
Topical term or geographic name entry element GERMANY
650 ## - SUBJECT ADDED ENTRY--TOPICAL TERM
Topical term or geographic name entry element PUBLIC PROCUREMENT
650 ## - SUBJECT ADDED ENTRY--TOPICAL TERM
Topical term or geographic name entry element TENDERS
650 ## - SUBJECT ADDED ENTRY--TOPICAL TERM
Topical term or geographic name entry element BUILT ENVIRONMENT-BUILDING CONTRACT FORMS
650 ## - SUBJECT ADDED ENTRY--TOPICAL TERM
Topical term or geographic name entry element THRESHOLDS
650 ## - SUBJECT ADDED ENTRY--TOPICAL TERM
Topical term or geographic name entry element EU
690 ## - LOCAL SUBJECT ADDED ENTRY--TOPICAL TERM (OCLC, RLIN)
Topical term or geographic name as entry element Procurement
9 (RLIN) 6260
700 ## - ADDED ENTRY--PERSONAL NAME
Personal name Wilburn, W. K.
942 ## - ADDED ENTRY ELEMENTS (KOHA)
Suppress in OPAC 0
Holdings
Withdrawn status Lost status Source of classification or shelving scheme Damaged status Not for loan Home library Current library Shelving location Date acquired Total Checkouts Full call number Barcode Date last seen Copy number Price effective from Koha item type
    Dewey Decimal Classification     London London Journal article 10/08/2004   X127047 127047-1001 06/08/2019 1 06/08/2019 Journal article